[Event "KEN-ch"]
[Site "Nairobi"]
[Date "2024.02.16"]
[Round "7"]
[White "Mutuma, Kinoti"]
[Black "Likoko, Elvis Wanasunia"]
[Result "1/2-1/2"]
[WhiteElo "1472"]
[BlackElo "1805"]
[PlyCount "115"]
[EventDate "2024.02.09"]
[EventType "tourn"]
[EventRounds "11"]
[EventCountry "KEN"]
[SourceTitle "CB08_2024"]
[SourceDate "2024.02.21"]
[SourceVersion "1"]
[SourceVersionDate "2024.02.21"]
[SourceQuality "1"]

1. e4 c5 2. Nf3 a6 3. d4 cxd4 4. Nxd4 Nc6 5. Nc3 e6 6. Be3 Qc7 7. a3 Nf6 8. Qd2 b5 9. Be2 b4 10. axb4 Bxb4 11. f3 0-0 12. 0-0 d5 13. Nxc6 Qxc6 14. e5 Nd7 15. Bd4 Nb6 16. Qg5 Nc4 17. Bxc4 Qxc4 18. Rad1 a5 19. f4 Bc5 20. Bxc5 Qxc5+ 21. Kh1 f6 22. exf6 Rxf6 23. Ne4 Qf8 24. Nxf6+ Qxf6 25. Qxf6 gxf6 26. f5 Kf7 27. fxe6+ Bxe6 28. c3 a4 29. Rd4 a3 30. b4 a2 31. Ra1 Ra3 32. Kg1 Ke7 33. b5 Kd6 34. Rb4 Bc8 35. b6 Bb7 36. Rb2 Rxc3 37. Raxa2 d4 38. Kf2 Kc5 39. Ra5+ Kc6 40. Rh5 d3 41. Ke3 Rc2 42. Rxc2+ dxc2 43. Kd2 Kxb6 44. Rxh7 Bxg2 45. Rh6 Be4 46. Rxf6+ Kc5 47. h4 Kd5 48. h5 Ke5 49. Rf8 Bd3 50. h6 Ke6 51. Rf1 Bg6 52. Ke3 Ke5 53. Kd2 Ke6 54. Rf2 Ke7 55. Rh2 Bh7 56. Rg2 Kf8 57. Rg7 Be4 58. Rc7 1/2-1/2

[Event "Africa zt 4.4 op"]
[Site "Antananarivo"]
[Date "2024.01.17"]
[Round "8"]
[White "Likoko, Elvis Wanasunia"]
[Black "Andrianiaina, Heritiana"]
[Result "0-1"]
[WhiteElo "1805"]
[BlackElo "2157"]
[PlyCount "104"]
[EventDate "2024.01.11"]
[EventType "swiss"]
[EventRounds "9"]
[EventCountry "MAD"]
[SourceTitle "CB05_2024"]
[SourceDate "2024.01.31"]
[SourceVersion "1"]
[SourceVersionDate "2024.01.31"]
[SourceQuality "1"]

1. d4 Nf6 2. c4 e6 3. Nf3 d5 4. Nc3 Bb4 5. Bg5 h6 6. Bxf6 Qxf6 7. Qa4+ Nc6 8. e3 0-0 9. a3 Bxc3+ 10. bxc3 Rd8 11. Be2 e5 12. cxd5 Rxd5 13. 0-0 e4 14. Nd2 Qg6 15. f4 exf3 16. Bxf3 Rg5 17. Ne4 Ra5 18. Qd1 b6 19. Ng3 Ba6 20. Rf2 Rf8 21. e4 Ne7 22. e5 Qd3 23. Qc1 Nd5 24. Bxd5 Rxd5 25. Nf5 Kh7 26. Rf3 Qe4 27. Qd2 Rb5 28. Re1 Rb1 29. Rxb1 Qxb1+ 30. Kf2 Bb7 31. d5 Qe4 32. Ng3 Qxd5 33. Qxd5 Bxd5 34. Rd3 c6 35. Rd4 Re8 36. c4 Be6 37. h4 c5 38. Re4 Rd8 39. Ke2 Kg6 40. Nf1 Bf5 41. Re3 Rd4 42. Rg3+ Kh7 43. Ne3 Be6 44. Rf3 Rxh4 45. Kd3 Rd4+ 46. Kc3 Re4 47. Nd5 b5 48. Rf4 Bxd5 49. Rxe4 Bxe4 50. cxb5 Bd5 51. g4 Kg6 52. a4 Kg5 0-1

[Event "KEN Nat Team Selection"]
[Site "Ruaraka"]
[Date "2023.01.27"]
[Round "7"]
[White "Likoko, Elvis Wanasunia"]
[Black "Mcligeyo, Robert Oluka"]
[Result "0-1"]
[WhiteElo "1784"]
[BlackElo "1860"]
[PlyCount "90"]
[EventDate "2023.01.20"]
[EventType "tourn"]
[EventRounds "11"]
[EventCountry "KEN"]
[SourceTitle "CBM 213 Extra"]
[Source "ChessBase"]
[SourceDate "2023.05.31"]
[SourceVersion "1"]
[SourceVersionDate "2023.05.31"]
[SourceQuality "1"]

1. d4 d5 2. c4 e6 3. Nc3 a6 4. cxd5 exd5 5. Nf3 c6 6. Bf4 Bd6 7. Bxd6 Qxd6 8. e3 Ne7 9. Bd3 0-0 10. Qc2 g6 11. h4 Bf5 12. h5 Nd7 13. 0-0-0 Bxd3 14. Qxd3 c5 15. dxc5 Nxc5 16. Qd4 Rac8 17. Kb1 Ne6 18. Qf6 Rc6 19. Ne4 Qb4 20. Ng3 Rb6 21. b3 d4 22. e4 a5 23. h6 a4 24. Rxd4 Qa3 25. Ng5 axb3 26. Rd2 bxa2+ 27. Ka1 Rb1+ 28. Rxb1 axb1Q+ 29. Kxb1 Qb3+ 30. Qb2 Qxb2+ 31. Rxb2 Nxg5 32. Rxb7 Re8 33. f4 Ne6 34. f5 Ng5 35. Rb5 gxf5 36. exf5 f6 37. Nh5 Kf7 38. Rb6 Nd5 39. Rb7+ Re7 40. Rb8 Re1+ 41. Kc2 Re2+ 42. Kd3 Rxg2 43. Rd8 Rh2 44. Ng7 Rxh6 45. Rd7+ Ne7 0-1

[Event "KEN-ch"]
[Site "Nairobi"]
[Date "2022.12.28"]
[Round "5"]
[White "Lwanga, Charles Karoli"]
[Black "Likoko, Elvis Wanasunia"]
[Result "1/2-1/2"]
[WhiteElo "1623"]
[BlackElo "1796"]
[PlyCount "51"]
[EventDate "2022.12.26"]
[EventType "swiss"]
[EventRounds "9"]
[EventCountry "KEN"]
[SourceTitle "EXT 2024"]
[Source "ChessBase"]
[SourceDate "2023.10.10"]
[SourceVersion "1"]
[SourceVersionDate "2023.10.10"]
[SourceQuality "1"]

1. e4 e5 2. Bc4 Nc6 3. Nf3 Be7 4. 0-0 Nf6 5. d3 0-0 6. c3 d6 7. Bb3 Bd7 8. Bc2 Bg4 9. b4 d5 10. Qe2 a6 11. Bb3 d4 12. a3 dxc3 13. Qc2 Bxf3 14. gxf3 Nd4 15. Qd1 Nxb3 16. Qxb3 Qxd3 17. Qxc3 Qxc3 18. Nxc3 Rad8 19. Be3 Rd3 20. Rfc1 Ne8 21. Kf1 Rd8 22. Ke2 Rd7 23. Nd5 Rd6 24. Rc3 h6 25. Rac1 f6 26. Rd3 1/2-1/2

[Event "KEN-ch"]
[Site "Nairobi"]
[Date "2022.12.27"]
[Round "4"]
[White "Likoko, Elvis Wanasunia"]
[Black "Gohil, Mehul"]
[Result "0-1"]
[WhiteElo "1796"]
[BlackElo "2012"]
[PlyCount "103"]
[EventDate "2022.12.26"]
[EventType "swiss"]
[EventRounds "9"]
[EventCountry "KEN"]
[SourceTitle "EXT 2024"]
[Source "ChessBase"]
[SourceDate "2023.10.10"]
[SourceVersion "1"]
[SourceVersionDate "2023.10.10"]
[SourceQuality "1"]

1. d4 f5 2. Nf3 e6 3. Bf4 Nf6 4. h3 b6 5. e3 Bb7 6. Be2 Be7 7. 0-0 0-0 8. c4 Ne4 9. Nfd2 Nxd2 10. Nxd2 d6 11. Bf3 Bxf3 12. Qxf3 Nd7 13. Bh2 a5 14. Rfe1 Bg5 15. Rad1 Nf6 16. Bf4 Bxf4 17. exf4 Qd7 18. Re3 Rae8 19. Rde1 Rf7 20. Qe2 Rfe7 21. d5 Kf7 22. Nf3 h6 23. dxe6+ Rxe6 24. Rxe6 Rxe6 25. Qxe6+ Qxe6 26. Rxe6 Kxe6 27. Nd4+ Kf7 28. Nxf5 d5 29. cxd5 Nxd5 30. g3 Nb4 31. a3 Nd3 32. b3 Kf6 33. Ne3 Ke6 34. Kf1 Nc1 35. b4 axb4 36. axb4 Na2 37. Nc2 Kd5 38. f5 Ke5 39. Ke2 Nc3+ 40. Kd2 Nd5 41. Ke2 h5 42. f3 Kxf5 43. Kd3 g5 44. b5 h4 45. gxh4 Nf4+ 46. Ke3 gxh4 47. Nd4+ Kg5 48. Ke4 Nxh3 49. Ne6+ Kh5 50. Nxc7 Ng5+ 51. Ke3 h3 52. Kf2 0-1

[Event "KEN-ch"]
[Site "Nairobi"]
[Date "2022.12.26"]
[Round "1"]
[White "Likoko, Elvis Wanasunia"]
[Black "Njoroge, Dadson Rwamba"]
[Result "1-0"]
[WhiteElo "1796"]
[BlackElo "1359"]
[PlyCount "79"]
[EventDate "2022.12.26"]
[EventType "swiss"]
[EventRounds "9"]
[EventCountry "KEN"]
[SourceTitle "EXT 2024"]
[Source "ChessBase"]
[SourceDate "2023.10.10"]
[SourceVersion "1"]
[SourceVersionDate "2023.10.10"]
[SourceQuality "1"]

1. c4 Nf6 2. Nc3 g6 3. d4 d6 4. e4 Bg7 5. f3 Nbd7 6. Be3 c5 7. d5 a6 8. Qd2 0-0 9. g4 Ne5 10. Be2 Qa5 11. g5 Ne8 12. h4 f5 13. gxf6 Nxf6 14. Bg5 Rf7 15. Nh3 Nh5 16. f4 Ng4 17. Rg1 Bxc3 18. bxc3 Nhf6 19. Bxf6 Nxf6 20. Ng5 Rg7 21. e5 Ne8 22. e6 Nf6 23. Bd3 b5 24. Rb1 Rb8 25. Ne4 Rb7 26. Nxf6+ exf6 27. cxb5 axb5 28. c4 b4 29. Rg2 Rbe7 30. Rb3 Ba6 31. a3 Rb7 32. Ke2 Qa4 33. Qb2 f5 34. axb4 cxb4 35. Rg1 Qa5 36. Ra1 Qb6 37. Qf6 Rb8 38. Ra4 Qa7 39. Raxb4 Rxb4 40. Qd8# 1-0

[Event "Mombasa op"]
[Site "Shanzu"]
[Date "2022.10.09"]
[Round "4"]
[White "Were, Samuel"]
[Black "Likoko, Elvis Wanasunia"]
[Result "0-1"]
[WhiteElo "1793"]
[BlackElo "1764"]
[PlyCount "52"]
[EventDate "2022.10.08"]
[EventType "swiss"]
[EventRounds "6"]
[EventCountry "KEN"]
[SourceTitle "EXT 2024"]
[Source "ChessBase"]
[SourceDate "2023.10.10"]
[SourceVersion "1"]
[SourceVersionDate "2023.10.10"]
[SourceQuality "1"]

1. e4 d6 2. d4 Nd7 3. Nf3 g6 4. Nc3 Bg7 5. Be3 Ngf6 6. Qd2 0-0 7. Bh6 c6 8. h4 b5 9. h5 b4 10. Bxg7 bxc3 11. bxc3 Nxe4 12. Qh6 Qa5 13. Bd3 Qxc3+ 14. Ke2 Ba6 15. Ke3 Nef6 16. Kf4 Bxd3 17. Bxf8 Rxf8 18. cxd3 Qxd3 19. hxg6 Qe4+ 20. Kg3 Qg4+ 21. Kh2 fxg6 22. Kg1 c5 23. Rh4 Qf5 24. Ng5 Rb8 25. Nxh7 Ng4 26. Qd2 Rb1+ 0-1

[Event "Online Olym Div4 B"]
[Site "Chess.com INT"]
[Date "2021.08.20"]
[Round "2.1"]
[White "Khalema, Sechaba"]
[Black "Likoko, Elvis Wanasunia"]
[Result "0-1"]
[WhiteElo "1826"]
[BlackElo "1646"]
[PlyCount "52"]
[EventDate "2021.08.20"]
[EventType "team (rapid)"]
[EventRounds "11"]
[EventCountry "USA"]
[SourceTitle "CBM 203 Extra"]
[Source "ChessBase"]
[SourceDate "2021.09.30"]
[SourceVersion "1"]
[SourceVersionDate "2021.09.30"]
[SourceQuality "1"]
[WhiteTeam "Lesotho"]
[BlackTeam "Kenya"]
[WhiteTeamCountry "LES"]
[BlackTeamCountry "KEN"]

1. d4 Nf6 2. c4 e6 3. Nf3 b6 4. a3 Bb7 5. Nc3 Be7 6. e3 0-0 7. Bd3 d6 8. 0-0 Nbd7 9. Re1 e5 10. Bf5 e4 11. Nd2 g6 12. Bxe4 Nxe4 13. Ncxe4 Re8 14. Ng3 Bf6 15. Rb1 h5 16. Nf3 h4 17. Nf1 Be4 18. Ra1 h3 19. Ng3 hxg2 20. Nxe4 Rxe4 21. b3 Kg7 22. Bb2 Qh8 23. Qc2 Rae8 24. d5 Qh5 25. Nd2 Rh8 26. Kxg2 Qh3+ 0-1

[Event "African Online op"]
[Site "Tornelo INT"]
[Date "2021.02.05"]
[Round "9"]
[White "Likoko, Elvis Wanasunia"]
[Black "Gohil, Mehul"]
[Result "1/2-1/2"]
[WhiteElo "1646"]
[BlackElo "1991"]
[PlyCount "166"]
[EventDate "2021.02.01"]
[EventType "swiss (rapid)"]
[EventRounds "9"]
[EventCountry "NET"]
[SourceTitle "CBM 200 Extra"]
[Source "ChessBase"]
[SourceDate "2021.03.31"]
[SourceVersion "1"]
[SourceVersionDate "2021.03.31"]
[SourceQuality "1"]

1. e4 e6 2. Qe2 d5 3. d3 Nf6 4. Nf3 c5 5. g3 Nc6 6. Bg2 Be7 7. 0-0 b5 8. e5 Nd7 9. c4 bxc4 10. dxc4 Ba6 11. Na3 0-0 12. h4 Rb8 13. Re1 Qc7 14. b3 Rfc8 15. h5 h6 16. Bf4 Nd4 17. Nxd4 cxd4 18. Qg4 Bxa3 19. Bxh6 Bf8 20. Bxg7 Kh7 21. cxd5 Bxg7 22. dxe6 Nxe5 23. Qf5+ Kg8 24. h6 Bd3 25. Qg5 f6 26. Qxg7+ Qxg7 27. hxg7 Kxg7 28. Rad1 Rc3 29. f4 Ng4 30. e7 Ne3 31. Rxd3 Rxd3 32. Bc6 Kf7 33. e8Q+ Rxe8 34. Bxe8+ Kxe8 35. Kf2 Kd7 36. Ke2 Rc3 37. Kd2 Ng2 38. Re4 Rxg3 39. Rxd4+ Ke6 40. Ra4 Rf3 41. Rxa7 Nxf4 42. b4 Nd5 43. b5 f5 44. b6 Kd6 45. b7 Kc7 46. Ra5 Ne7 47. Rb5 Nc6 48. b8Q+ Nxb8 49. Ke2 Rf4 50. Ke3 Re4+ 51. Kf3 Nc6 52. Rxf5 Ra4 53. Rf7+ Kd6 54. Ke3 Ne5 55. Rf6+ Kd5 56. Rf8 Ra3+ 57. Kd2 Rxa2+ 58. Kc3 Ra4 59. Rf5 Rc4+ 60. Kb3 Rd4 61. Rh5 Re4 62. Kc3 Re3+ 63. Kb4 Kc6 64. Rh6+ Kd5 65. Rh5 Re2 66. Kc3 Rg2 67. Kb4 Rg4+ 68. Kc3 Ke4 69. Rh8 Rg3+ 70. Kb4 Rd3 71. Re8 Rd7 72. Kc3 Rc7+ 73. Kd2 Rc6 74. Re7 Kd4 75. Re8 Nc4+ 76. Ke2 Rh6 77. Rd8+ Ke4 78. Re8+ Ne5 79. Kf2 Rf6+ 80. Ke2 Ra6 81. Kd2 Rc6 82. Re7 Kd4 83. Re8 Ke4 1/2-1/2

[Event "African Online op"]
[Site "Tornelo INT"]
[Date "2021.02.05"]
[Round "8"]
[White "Likoko, Elvis Wanasunia"]
[Black "Oatlhotse, Providence"]
[Result "0-1"]
[WhiteElo "1646"]
[BlackElo "2190"]
[PlyCount "72"]
[EventDate "2021.02.01"]
[EventType "swiss (rapid)"]
[EventRounds "9"]
[EventCountry "NET"]
[SourceTitle "CBM 200 Extra"]
[Source "ChessBase"]
[SourceDate "2021.03.31"]
[SourceVersion "1"]
[SourceVersionDate "2021.03.31"]
[SourceQuality "1"]

1. e4 c5 2. f3 Nc6 3. Ne2 d5 4. exd5 Qxd5 5. Nbc3 Qd8 6. d3 e5 7. Be3 Be7 8. Qd2 Nf6 9. 0-0-0 0-0 10. h4 Nd4 11. h5 Be6 12. Kb1 b5 13. Nc1 a5 14. Ne4 b4 15. h6 g6 16. Be2 a4 17. f4 b3 18. cxb3 axb3 19. a3 exf4 20. Bxf4 Nd5 21. Bg5 f6 22. Bh4 Nc2 23. Bf2 Qb6 24. d4 Bf5 25. dxc5 Qe6 26. Bd3 Ndb4 27. Ng3 Rxa3 28. bxa3 Nxa3+ 29. Kb2 Nxd3+ 30. Qxd3 Nc4+ 31. Kc3 Bxd3 32. Nxd3 Ne5 33. Rhe1 Qc4+ 34. Kb2 Qc2+ 35. Ka3 Ra8+ 36. Kb4 Rb8+ 0-1

[Event "Mombasa zt 4.2"]
[Site "Mombasa"]
[Date "2019.05.08"]
[Round "6"]
[White "Mwaisumbe, Emmanuel"]
[Black "Likoko, Elvis Wanasunia"]
[Result "1-0"]
[WhiteElo "1694"]
[BlackElo "1694"]
[PlyCount "156"]
[EventDate "2019.05.05"]
[EventType "swiss"]
[EventRounds "9"]
[EventCountry "KEN"]
[SourceTitle "CBM 190 Extra"]
[Source "ChessBase"]
[SourceDate "2019.07.15"]
[SourceVersion "1"]
[SourceVersionDate "2019.07.15"]
[SourceQuality "1"]

1. e4 c5 2. Nf3 e6 3. c4 g6 4. d4 Bg7 5. dxc5 Qa5+ 6. Bd2 Qxc5 7. Nc3 Ne7 8. Qc2 d5 9. Be3 d4 10. Na4 Qa5+ 11. Bd2 Qc7 12. Rc1 0-0 13. Bd3 e5 14. h3 f5 15. 0-0 Nbc6 16. b4 a5 17. a3 Bd7 18. Nc5 fxe4 19. Bxe4 Bf5 20. Ng5 Rf6 21. Bxf5 gxf5 22. Nge6 Qc8 23. Nxg7 Kxg7 24. b5 Nd8 25. Nd3 Ng6 26. Bg5 Rf8 27. Qd2 Nf7 28. h4 h6 29. Bxh6+ Nxh6 30. h5 Nh8 31. Qg5+ Kh7 32. Nxe5 N6f7 33. Qf4 Nxe5 34. Qxe5 Qd7 35. Rcd1 Rad8 36. Rd3 Qd6 37. Re1 Kh6 38. Qxd6+ Rxd6 39. Re7 Rf7 40. Re8 Kh7 41. c5 Rd5 42. Rc8 Re7 43. Kf1 f4 44. a4 Rxh5 45. f3 Rhe5 46. Rd2 Nf7 47. c6 bxc6 48. Rxc6 R7e6 49. Rxe6 Rxe6 50. Rxd4 Rf6 51. Rd7 Kg6 52. Ra7 Kf5 53. Rxa5 Ne5 54. Ra8 Nc4 55. a5 Ke5 56. b6 Nxb6 57. Re8+ Kf5 58. axb6 Rxb6 59. Rf8+ Kg5 60. Kg1 Rh6 61. Kf2 Rd6 62. Ra8 Rd2+ 63. Kg1 Rd6 64. Ra5+ Kg6 65. Kh2 Rf6 66. Kh3 Kh6 67. Kg4 Rg6+ 68. Kxf4 Rxg2 69. Ra8 Kh7 70. Kf5 Kg7 71. f4 Re2 72. Ra7+ Kf8 73. Kf6 Ke8 74. f5 Re1 75. Ra8+ Kd7 76. Kf7 Rf1 77. f6 Rf2 78. Ra7+ Kd8 1-0

[Event "KEN-chT"]
[Site "Nairobi"]
[Date "2019.03.23"]
[Round "6.2"]
[White "Likoko, Elvis Wanasunia"]
[Black "Villuela, Roberto"]
[Result "1/2-1/2"]
[WhiteElo "1608"]
[BlackElo "1839"]
[PlyCount "72"]
[EventDate "2019.02.09"]
[EventType "team-tourn"]
[EventRounds "27"]
[EventCountry "KEN"]
[SourceTitle "CBM 192 Extra"]
[Source "Chessbase"]
[SourceDate "2019.11.06"]
[SourceVersion "1"]
[SourceVersionDate "2019.11.06"]
[SourceQuality "1"]
[WhiteTeam "Strathmore University"]
[BlackTeam "Nairobi CC"]
[WhiteTeamCountry "KEN"]
[BlackTeamCountry "KEN"]

1. c4 Nf6 2. Nc3 d5 3. cxd5 Nxd5 4. g3 g6 5. Bg2 c6 6. Nf3 Bg7 7. 0-0 0-0 8. Rb1 Na6 9. Re1 Qb6 10. Na4 Qc7 11. e4 Ndb4 12. d4 Nxa2 13. Bf4 Qd8 14. Qb3 N2b4 15. Bd2 Be6 16. d5 cxd5 17. Ng5 b5 18. Nxe6 bxa4 19. Qxb4 fxe6 20. Qxa4 Nc5 21. Qc6 Rc8 22. Qb5 Bd4 23. Be3 Bxe3 24. Rxe3 d4 25. Ra3 Qb6 26. Qc4 Nxe4 27. Qe2 Nxf2 28. Ra6 d3 29. Rxb6 dxe2 30. Rxe6 Rc2 31. Re3 Rd8 32. Rxe7 Rb8 33. Bf3 Rbxb2 34. Rxb2 Nh3+ 35. Kh1 Rxb2 36. Bxe2 Kf8 1/2-1/2